[Event "Heraklion Fischer Memorial 9th"]
[Site "Heraklion"]
[Date "2023.11.06"]
[Round "6"]
[White "Wu, Yixing"]
[Black "Anagnostopoulos, Konstantinos"]
[Result "1-0"]
[WhiteElo "2307"]
[BlackElo "2314"]
[PlyCount "51"]
[EventDate "2023.11.01"]
[EventType "tourn"]
[EventRounds "9"]
[EventCountry "GRE"]
[EventCategory "6"]
[SourceTitle "CB46_2023"]
[SourceDate "2023.11.15"]
[SourceVersion "1"]
[SourceVersionDate "2023.11.15"]
[SourceQuality "1"]

1. c4 e6 2. Nf3 d5 3. e3 Nf6 4. Nc3 c5 5. cxd5 exd5 6. Bb5+ Nbd7 7. d4 a6 8. Be2 c4 9. a4 Bb4 10. 0-0 0-0 11. Bd2 Rb8 12. Ne5 Qc7 13. f4 Qd6 14. Bf3 b5 15. axb5 axb5 16. Qc2 Rb6 17. Ra7 Nb8 18. g4 Bb7 19. g5 Bxc3 20. Bxc3 Nfd7 21. Ba5 Ra6 22. Rxb7 Rxa5 23. Qf5 Nxe5 24. fxe5 Qc6 25. Rxf7 Rxf7 26. Bxd5 1-0

[Event "Heraklion Fischer Memorial 9th"]
[Site "Heraklion"]
[Date "2023.11.04"]
[Round "4"]
[White "Nyback, Tomi"]
[Black "Anagnostopoulos, Konstantinos"]
[Result "1-0"]
[WhiteElo "2566"]
[BlackElo "2314"]
[PlyCount "79"]
[EventDate "2023.11.01"]
[EventType "tourn"]
[EventRounds "9"]
[EventCountry "GRE"]
[EventCategory "6"]
[SourceTitle "CB46_2023"]
[SourceDate "2023.11.15"]
[SourceVersion "1"]
[SourceVersionDate "2023.11.15"]
[SourceQuality "1"]

1. Nf3 d5 2. g3 Nf6 3. Bg2 c5 4. 0-0 e6 5. d3 Be7 6. Bf4 Nc6 7. e4 0-0 8. e5 Nd7 9. h4 f6 10. exf6 Bxf6 11. Bg5 h6 12. Bxf6 Qxf6 13. Qc1 Nd4 14. Nxd4 cxd4 15. Nd2 Ne5 16. Qd1 Bd7 17. Nb3 Nf7 18. Qg4 Rac8 19. Rac1 Ne5 20. Qxd4 Nf3+ 21. Bxf3 Qxf3 22. Nd2 Qe2 23. Qe3 Qg4 24. d4 e5 25. dxe5 Bc6 26. Kh2 d4 27. Qb3+ Kh8 28. f3 Qh5 29. Rce1 g5 30. Qe6 gxh4 31. g4 Qg5 32. f4 Qg7 33. g5 hxg5 34. Qg4 gxf4 35. Rg1 Qh7 36. e6 Rf5 37. e7 Be8 38. Re6 Bf7 39. Rf6 Rfc5 40. Qxf4 1-0

[Event "GRE-chT 49th"]
[Site "Thessaloniki"]
[Date "2022.08.13"]
[Round "3.1"]
[White "Spyropoulos, Nikolaos"]
[Black "Anagnostopoulos, Konstantinos"]
[Result "1-0"]
[WhiteElo "2434"]
[BlackElo "2326"]
[PlyCount "65"]
[EventDate "2022.08.12"]
[EventType "team-swiss"]
[EventRounds "7"]
[EventCountry "GRE"]
[SourceTitle "CBM 209 Extra"]
[Source "ChessBase"]
[SourceDate "2022.09.30"]
[SourceVersion "1"]
[SourceVersionDate "2022.09.30"]
[SourceQuality "1"]
[WhiteTeam "Evoiki ES"]
[BlackTeam "Erakleioe"]
[WhiteTeamCountry "GRE"]
[BlackTeamCountry "GRE"]

1. e4 e5 2. Nf3 Nc6 3. Bc4 Bc5 4. 0-0 Nf6 5. d3 d6 6. c3 a5 7. a4 h6 8. Re1 0-0 9. h3 Be6 10. Bxe6 fxe6 11. Be3 Bxe3 12. Rxe3 Qd7 13. Nbd2 Rf7 14. Qb3 Raf8 15. d4 exd4 16. cxd4 Nb4 17. e5 Nfd5 18. Re4 Nf4 19. exd6 cxd6 20. Kh2 Qc6 21. Re3 Kh8 22. Rc3 Qb6 23. Re1 Nfd5 24. Rcc1 e5 25. dxe5 dxe5 26. Nxe5 Rxf2 27. Ne4 Qe6 28. Nxf2 Rxf2 29. Qg3 Qf5 30. Ng6+ Kh7 31. Re8 Qg5 32. Nf8+ Rxf8 33. Qxg5 1-0

[Event "Heraklion Tal Memorial 3rd"]
[Site "Heraklion"]
[Date "2022.04.26"]
[Round "2"]
[White "Anagnostopoulos, Konstantinos"]
[Black "Cmiel, Thorsten"]
[Result "1-0"]
[WhiteElo "2340"]
[BlackElo "2079"]
[PlyCount "49"]
[EventDate "2022.04.25"]
[EventType "tourn"]
[EventRounds "9"]
[EventCountry "GRE"]
[SourceTitle "CBM 208 Extra"]
[Source "ChessBase"]
[SourceDate "2022.07.31"]
[SourceVersion "1"]
[SourceVersionDate "2022.07.31"]
[SourceQuality "1"]

1. e4 c5 2. Nf3 Nc6 3. d4 cxd4 4. Nxd4 Nf6 5. Nc3 h5 6. Be2 e5 7. Ndb5 d6 8. Nd5 Nxd5 9. exd5 Ne7 10. c4 Nf5 11. Bxh5 a6 12. Nc3 Nd4 13. Be3 Qh4 14. Be2 Nxe2 15. Qxe2 Bg4 16. Qc2 Bd7 17. Qb3 Rc8 18. c5 dxc5 19. Qxb7 Qc4 20. Qb3 Qg4 21. Kf1 f5 22. Re1 Bd6 23. Qb6 Qc4+ 24. Kg1 Ke7 25. Bg5+ 1-0

[Event "Heraklion Tal Memorial 3rd"]
[Site "Heraklion"]
[Date "2022.04.25"]
[Round "1"]
[White "Anagnostopoulos, Konstantinos"]
[Black "Kotsinis, Alexandros"]
[Result "1-0"]
[WhiteElo "2340"]
[BlackElo "2055"]
[PlyCount "65"]
[EventDate "2022.04.25"]
[EventType "tourn"]
[EventRounds "9"]
[EventCountry "GRE"]
[SourceTitle "CBM 208 Extra"]
[Source "ChessBase"]
[SourceDate "2022.07.31"]
[SourceVersion "1"]
[SourceVersionDate "2022.07.31"]
[SourceQuality "1"]

1. e4 e5 2. Nf3 Nc6 3. Bc4 Nf6 4. d3 Bc5 5. Nc3 h6 6. Be3 Bb4 7. 0-0 Bxc3 8. bxc3 0-0 9. d4 Nxe4 10. dxe5 d6 11. exd6 cxd6 12. Qd5 Nf6 13. Qd3 Bg4 14. Bf4 Bxf3 15. Qxf3 Ne5 16. Bxe5 dxe5 17. Qxb7 Qc8 18. Qa6 Qc5 19. Rad1 Rac8 20. Bb3 e4 21. Rfe1 Rc6 22. Qa4 Re8 23. Qd4 Qh5 24. Ba4 Rce6 25. Bxe8 Rxe8 26. f3 Re6 27. fxe4 Nxe4 28. Rd3 f5 29. Rf1 Rg6 30. Qd5+ Kh7 31. Qxf5 Ng5 32. Rg3 Kh8 33. Qg4 1-0

[Event "GRE-chT 48th"]
[Site "Athens"]
[Date "2021.09.10"]
[Round "5.3"]
[White "Anagnostopoulos, Konstantinos"]
[Black "Ergazakis, Ioannis"]
[Result "1-0"]
[WhiteElo "2367"]
[BlackElo "2275"]
[PlyCount "69"]
[EventDate "2021.09.07"]
[EventType "team-swiss"]
[EventRounds "7"]
[EventCountry "GRE"]
[SourceTitle "CBM 204 Extra"]
[Source "ChessBase"]
[SourceDate "2021.11.30"]
[SourceVersion "1"]
[SourceVersionDate "2021.11.30"]
[SourceQuality "1"]
[WhiteTeam "Irakleiou"]
[BlackTeam "Epyk Irakliou Attykis"]
[WhiteTeamCountry "GRE"]
[BlackTeamCountry "GRE"]

1. e4 c5 2. Nf3 d6 3. d4 cxd4 4. Nxd4 Nf6 5. Nc3 a6 6. h3 e5 7. Nb3 Be6 8. f4 g6 9. Qf3 Nc6 10. f5 gxf5 11. exf5 Bxb3 12. axb3 Nd4 13. Qf2 Rc8 14. Bd3 d5 15. Be3 Nc6 16. Bb6 Qd6 17. 0-0-0 Nb4 18. Bc4 Qc6 19. Rhe1 Bh6+ 20. Kb1 0-0 21. Ba5 dxc4 22. Bxb4 Rfd8 23. Be7 Rxd1+ 24. Rxd1 Bg7 25. bxc4 Qxc4 26. Qb6 Ne8 27. f6 Bf8 28. Qxb7 Qe6 29. Bxf8 Kxf8 30. Qb4+ Kg8 31. Nd5 Ra8 32. Qh4 Kh8 33. Qh6 Qd6 34. Rd3 e4 35. Ne7 1-0

[Event "GRE-chT 48th"]
[Site "Athens"]
[Date "2021.09.09"]
[Round "4.4"]
[White "Kofidis, Spyridon"]
[Black "Anagnostopoulos, Konstantinos"]
[Result "0-1"]
[WhiteElo "2139"]
[BlackElo "2367"]
[PlyCount "74"]
[EventDate "2021.09.07"]
[EventType "team-swiss"]
[EventRounds "7"]
[EventCountry "GRE"]
[SourceTitle "CBM 204 Extra"]
[Source "ChessBase"]
[SourceDate "2021.11.30"]
[SourceVersion "1"]
[SourceVersionDate "2021.11.30"]
[SourceQuality "1"]
[WhiteTeam "Kallytheas"]
[BlackTeam "Irakleiou"]
[WhiteTeamCountry "GRE"]
[BlackTeamCountry "GRE"]

1. e4 g6 2. d4 Bg7 3. Be3 d6 4. Nc3 a6 5. f3 b5 6. Qd2 Bb7 7. h4 h5 8. Nh3 Nd7 9. Ng5 Ngf6 10. a4 c6 11. Nd1 0-0 12. Nf2 e5 13. c3 d5 14. Be2 exd4 15. cxd4 dxe4 16. fxe4 c5 17. dxc5 bxa4 18. Rxa4 Bc6 19. Rd4 Qc8 20. b4 Ne5 21. Bf4 Nfg4 22. Rd6 Nxf2 23. Kxf2 Bb5 24. Qd5 Ng4+ 25. Bxg4 Qxg4 26. Qd2 a5 27. Nf3 axb4 28. g3 b3 29. Qe3 Ra2+ 30. Nd2 b2 31. Nb1 Ra4 32. e5 Qf5 33. Re1 Ra1 34. Rdd1 Ba4 35. Qd2 Bxd1 36. Qxd1 Bh6 37. Ke3 Qxe5+ 0-1

[Event "GRE-chT 48th"]
[Site "Athens"]
[Date "2021.09.08"]
[Round "3.2"]
[White "Anagnostopoulos, Konstantinos"]
[Black "Zimina, Olga"]
[Result "0-1"]
[WhiteElo "2367"]
[BlackElo "2334"]
[PlyCount "102"]
[EventDate "2021.09.07"]
[EventType "team-swiss"]
[EventRounds "7"]
[EventCountry "GRE"]
[SourceTitle "CBM 204 Extra"]
[Source "ChessBase"]
[SourceDate "2021.11.30"]
[SourceVersion "1"]
[SourceVersionDate "2021.11.30"]
[SourceQuality "1"]
[WhiteTeam "Irakleiou"]
[BlackTeam "Piraikos"]
[WhiteTeamCountry "GRE"]
[BlackTeamCountry "GRE"]

1. c4 c6 2. Nf3 d5 3. e3 Nf6 4. Nc3 a6 5. d4 Bg4 6. Qb3 Ra7 7. Ne5 Be6 8. a4 dxc4 9. Bxc4 Bxc4 10. Qxc4 e6 11. a5 Bd6 12. e4 0-0 13. Nd3 Bc7 14. b4 b6 15. axb6 Bxb6 16. Nc5 a5 17. 0-0 axb4 18. Rxa7 Bxa7 19. Qxb4 Qe7 20. Ba3 e5 21. dxe5 Ng4 22. e6 fxe6 23. h3 Nxf2 24. Rxf2 Rxf2 25. Kxf2 Na6 26. Qc4 Bxc5+ 27. Ke2 Bxa3 28. Qxa6 Qd6 29. Kf3 Bc5 30. Qc8+ Kf7 31. Qb7+ Kg6 32. Qb1 Qf8+ 33. Kg3 e5 34. Kh2 Qf4+ 35. Kh1 Qd2 36. Na4 Be3 37. Nb2 Bf4 38. Nd3 Bg3 39. Qf1 Qc3 40. Qd1 h5 41. h4 Qd4 42. Qb1 Qd8 43. Kg1 Qxh4 44. Qb3 Qxe4 45. Kf1 Kh7 46. Qd1 Qf5+ 47. Kg1 e4 48. Nb4 c5 49. Nc2 Bf2+ 50. Kh1 Qg5 51. g3 Bxg3 0-1

[Event "GRE-chT 48th"]
[Site "Athens"]
[Date "2021.09.07"]
[Round "1.5"]
[White "Anagnostopoulos, Konstantinos"]
[Black "Tsifetakis, Panagiotis"]
[Result "1-0"]
[WhiteElo "2367"]
[BlackElo "1702"]
[PlyCount "29"]
[EventDate "2021.09.07"]
[EventType "team-swiss"]
[EventRounds "7"]
[EventCountry "GRE"]
[SourceTitle "CBM 204 Extra"]
[Source "ChessBase"]
[SourceDate "2021.11.30"]
[SourceVersion "1"]
[SourceVersionDate "2021.11.30"]
[SourceQuality "1"]
[WhiteTeam "Irakleiou"]
[BlackTeam "Ykaryas"]
[WhiteTeamCountry "GRE"]
[BlackTeamCountry "GRE"]

1. c4 c6 2. Nf3 d5 3. d4 Nf6 4. Nbd2 e6 5. g3 Be7 6. Bg2 0-0 7. 0-0 Nbd7 8. b3 b6 9. Bb2 Bb7 10. Ne5 c5 11. cxd5 exd5 12. Ndf3 Rc8 13. Rc1 Re8 14. Nxf7 Ne4 15. Nxd8 1-0

[Event "Guimaraes op"]
[Site "Guimaraes"]
[Date "2021.08.29"]
[Round "9"]
[White "Beerdsen, Thomas"]
[Black "Anagnostopoulos, Konstantinos"]
[Result "1-0"]
[WhiteElo "2454"]
[BlackElo "2357"]
[PlyCount "70"]
[EventDate "2021.08.24"]
[EventType "swiss"]
[EventRounds "9"]
[EventCountry "POR"]
[SourceTitle "CBM 204 Extra"]
[Source "ChessBase"]
[SourceDate "2021.11.30"]
[SourceVersion "1"]
[SourceVersionDate "2021.11.30"]
[SourceQuality "1"]

1. e4 e6 2. d4 d5 3. Nc3 Bb4 4. e5 c5 5. a3 Bxc3+ 6. bxc3 Nc6 7. Qg4 g6 8. Qd1 Qa5 9. Bd2 f6 10. f4 Qa4 11. Qb1 a6 12. Nf3 fxe5 13. fxe5 Nge7 14. Qb3 Qxb3 15. cxb3 Na5 16. Rb1 c4 17. b4 Nb3 18. Bg5 a5 19. Be2 axb4 20. axb4 Ra2 21. Nd2 h6 22. Bf4 g5 23. Nxb3 gxf4 24. Nc1 Rc2 25. Bh5+ Kd8 26. Ne2 Bd7 27. 0-0 Be8 28. Nxf4 Bxh5 29. Nxh5 Rxc3 30. Ra1 Kd7 31. Rf7 Rc8 32. Nf6+ Kd8 33. Ra7 Rb8 34. Ra5 Rc8 35. Rb5 Rb8 1-0

[Event "Paleochora op 14th"]
[Site "Paleochora"]
[Date "2021.07.24"]
[Round "3"]
[White "Anagnostopoulos, Konstantinos"]
[Black "Postny, Evgeny"]
[Result "0-1"]
[WhiteElo "2357"]
[BlackElo "2578"]
[PlyCount "124"]
[EventDate "2021.07.23"]
[EventType "swiss"]
[EventRounds "9"]
[EventCountry "GRE"]
[SourceTitle "EXT 2022"]
[Source "ChessBase"]
[SourceDate "2021.10.06"]
[SourceVersion "1"]
[SourceVersionDate "2021.10.06"]
[SourceQuality "1"]

1. c4 c6 2. Nf3 d5 3. e3 Nf6 4. Nc3 a6 5. d4 e6 6. b3 Bb4 7. Bd2 0-0 8. Bd3 Nbd7 9. 0-0 Bd6 10. h3 Qe7 11. Re1 e5 12. dxe5 Nxe5 13. Nxe5 Bxe5 14. cxd5 cxd5 15. Rc1 Rd8 16. Ne2 Ne4 17. Ba5 Re8 18. Nf4 Be6 19. Qh5 Qf6 20. Bxe4 dxe4 21. Rc5 Bxf4 22. Bc3 Qh6 23. exf4 Qxh5 24. Rxh5 Rac8 25. Bd4 f5 26. Rg5 g6 27. Rg3 Red8 28. Bc3 Rd3 29. Rc1 Rxg3 30. fxg3 Rd8 31. Kf2 Rd3 32. Be1 Bd7 33. Rc3 Rd1 34. a4 Bc6 35. g4 Rb1 36. gxf5 Rb2+ 37. Ke3 Rxg2 38. fxg6 hxg6 39. Kd4 Kf7 40. Re3 Ke6 41. Rg3 Rb2 42. Rxg6+ Kf5 43. Rg5+ Kxf4 44. Rg4+ Kf5 45. Rg3 Re2 46. Re3 Rh2 47. h4 Rh1 48. Re2 Rg1 49. b4 Rg4 50. a5 Rg1 51. Bd2 Kg4 52. Rh2 Kg3 53. Re2 Kxh4 54. Rf2 Kg3 55. Rf6 Rb1 56. Rf8 Rb3 57. Be1+ Kg2 58. Rf6 Rd3+ 59. Kc5 e3 60. Bh4 e2 61. Be1 Bf3 62. b5 Rd5+ 0-1

[Event "Hersonissos Online op"]
[Site "Chess.com INT"]
[Date "2020.06.08"]
[Round "4"]
[White "Aarav, Dengla"]
[Black "Anagnostopoulos, Konstantinos"]
[Result "1/2-1/2"]
[WhiteElo "2010"]
[BlackElo "2357"]
[PlyCount "21"]
[EventDate "2020.06.05"]
[EventType "swiss"]
[EventRounds "9"]
[EventCountry "GRE"]
[SourceTitle "EXT 2021"]
[Source "ChessBase"]
[SourceDate "2020.10.23"]
[SourceVersion "1"]
[SourceVersionDate "2020.10.23"]
[SourceQuality "1"]

1. e4 e6 2. d4 d5 3. Nd2 Nc6 4. Ngf3 Nf6 5. e5 Nd7 6. Nb3 a5 7. a4 f6 8. exf6 Qxf6 9. Bg5 Qf7 10. Bb5 Bd6 11. Bh4 1/2-1/2

[Event "Anogia Capablanca Memorial 7th"]
[Site "Anogia"]
[Date "2019.09.13"]
[Round "3"]
[White "Anagnostopoulos, Konstantinos"]
[Black "Mirzoev, Emil"]
[Result "1/2-1/2"]
[WhiteElo "2322"]
[BlackElo "2477"]
[PlyCount "48"]
[EventDate "2019.09.11"]
[EventType "tourn"]
[EventRounds "9"]
[EventCountry "GRE"]
[EventCategory "6"]
[SourceTitle "EXT 2020"]
[Source "ChessBase"]
[SourceDate "2019.10.17"]
[SourceVersion "1"]
[SourceVersionDate "2019.10.17"]
[SourceQuality "1"]

1. e4 c5 2. Nf3 Nc6 3. d4 cxd4 4. Nxd4 Qb6 5. Nb3 Nf6 6. Nc3 e6 7. Be3 Qc7 8. Qf3 a6 9. Qg3 Qxg3 10. hxg3 Bb4 11. Bd2 Be7 12. f3 b5 13. g4 d6 14. Ne2 Bb7 15. a4 b4 16. a5 0-0 17. Ned4 Nxd4 18. Nxd4 d5 19. e5 Nd7 20. f4 Rfc8 21. Ra4 Bc5 22. Nb3 Be7 23. Nd4 Bc5 24. Nb3 Be7 1/2-1/2

[Event "Anogia op 8th"]
[Site "Anogia"]
[Date "2019.08.23"]
[Round "7"]
[White "Anagnostopoulos, Konstantinos"]
[Black "Malataras, Gerasimos"]
[Result "1-0"]
[WhiteElo "2326"]
[BlackElo "1931"]
[PlyCount "59"]
[EventDate "2019.08.18"]
[EventType "swiss"]
[EventRounds "9"]
[EventCountry "GRE"]
[SourceTitle "EXT 2020"]
[Source "ChessBase"]
[SourceDate "2019.10.17"]
[SourceVersion "1"]
[SourceVersionDate "2019.10.17"]
[SourceQuality "1"]

1. e4 e5 2. Nf3 Nc6 3. Bb5 a6 4. Ba4 Nf6 5. 0-0 Be7 6. Re1 b5 7. Bb3 d6 8. c3 0-0 9. d4 Bg4 10. Be3 exd4 11. cxd4 d5 12. e5 Ne4 13. Nc3 Nxc3 14. bxc3 Na5 15. Bc2 Nc4 16. h3 Be6 17. Nh2 a5 18. Bc1 Qd7 19. g4 b4 20. f4 g6 21. f5 gxf5 22. Qd3 Bh4 23. Rf1 Kh8 24. gxf5 Rg8+ 25. Kh1 Rg3 26. fxe6 fxe6 27. Rf3 Rag8 28. Ng4 Rxh3+ 29. Rxh3 Rxg4 30. Bg5 1-0

[Event "Anogia op 8th"]
[Site "Anogia"]
[Date "2019.08.20"]
[Round "4"]
[White "Papidakis, Georgios"]
[Black "Anagnostopoulos, Konstantinos"]
[Result "0-1"]
[WhiteElo "1933"]
[BlackElo "2326"]
[PlyCount "68"]
[EventDate "2019.08.18"]
[EventType "swiss"]
[EventRounds "9"]
[EventCountry "GRE"]
[SourceTitle "EXT 2020"]
[Source "ChessBase"]
[SourceDate "2019.10.17"]
[SourceVersion "1"]
[SourceVersionDate "2019.10.17"]
[SourceQuality "1"]

1. d4 Nf6 2. Nf3 e6 3. Bg5 h6 4. Bh4 g5 5. Bg3 d6 6. Nbd2 Nh5 7. e4 Bg7 8. Nc4 Nc6 9. c3 Qe7 10. Nfd2 Nxg3 11. hxg3 Bd7 12. Bd3 0-0-0 13. Qe2 Kb8 14. Ne3 Qf8 15. f4 f5 16. e5 Ne7 17. 0-0-0 Qe8 18. Bc4 Ng6 19. Rdf1 dxe5 20. dxe5 h5 21. Nc2 h4 22. Nf3 hxg3 23. Rxh8 Qxh8 24. Nxg5 Qh4 25. Qe3 Nxe5 26. Bxe6 Bb5 27. Rg1 Rd3 28. Qc5 Qxf4+ 29. Kb1 Qf2 30. Qxf2 gxf2 31. Rf1 Rd2 32. c4 Nxc4 33. Nf3 Rxc2 34. Kxc2 Ne3+ 0-1

[Event "Paleochora op 12th"]
[Site "Paleochora"]
[Date "2019.07.19"]
[Round "8"]
[White "Anagnostopoulos, Konstantinos"]
[Black "Kobo, Ori"]
[Result "1/2-1/2"]
[WhiteElo "2338"]
[BlackElo "2484"]
[PlyCount "134"]
[EventDate "2019.07.13"]
[EventType "swiss"]
[EventRounds "9"]
[EventCountry "GRE"]
[SourceTitle "EXT 2020"]
[Source "ChessBase"]
[SourceDate "2019.10.17"]
[SourceVersion "1"]
[SourceVersionDate "2019.10.17"]
[SourceQuality "1"]

1. c4 e5 2. Nc3 Nf6 3. Nf3 Nc6 4. e3 d6 5. d4 g6 6. dxe5 Nxe5 7. Be2 Bg7 8. Nxe5 dxe5 9. Qxd8+ Kxd8 10. b3 Be6 11. Bb2 c6 12. Rc1 Kc7 13. 0-0 Rad8 14. Rfd1 Rxd1+ 15. Rxd1 Re8 16. f3 Nd7 17. g4 Bf8 18. Kf2 Bc5 19. g5 Be7 20. h4 h6 21. gxh6 Rh8 22. Nd5+ Bxd5 23. cxd5 Rxh6 24. dxc6 bxc6 25. Bc4 Rxh4 26. Kg3 Rh7 27. Bc3 Bc5 28. Rd3 f6 29. b4 Bd6 30. e4 Nb6 31. Bb3 Rh1 32. Rd1 Rxd1 33. Bxd1 Nd7 34. Bb3 Nf8 35. Bd2 Kd7 36. a3 Ne6 37. Be3 Bb8 38. Kg4 Ke7 39. Bc4 Nd8 40. Bc5+ Kd7 41. Bf2 Ne6 42. Bh4 Ke7 43. Bf2 Kd7 44. Bh4 Ke7 45. Bf2 Nd8 46. Bc5+ Ke8 47. a4 Nb7 48. Be3 Nd6 49. Bd3 Kd7 50. b5 cxb5 51. axb5 Nc8 52. Bc4 Bc7 53. Bf7 Nd6 54. Bxg6 Nxb5 55. Bf7 Bb6 56. Bd2 Nd6 57. Bd5 a5 58. f4 a4 59. Bb4 Nb5 60. Kf5 Nd4+ 61. Kxf6 exf4 62. e5 Bd8+ 63. Kf7 f3 64. Bc5 f2 65. e6+ Nxe6 66. Bxe6+ Kc6 67. Bxf2 Bb6 1/2-1/2

[Event "Maastricht Limburg op 13th"]
[Site "Maastricht"]
[Date "2019.06.08"]
[Round "2"]
[White "Van Foreest, Jorden"]
[Black "Anagnostopoulos, Konstantinos"]
[Result "1-0"]
[WhiteElo "2610"]
[BlackElo "2325"]
[PlyCount "73"]
[EventDate "2019.06.07"]
[EventType "swiss"]
[EventRounds "7"]
[EventCountry "NED"]
[SourceTitle "CBM 190 Extra"]
[Source "ChessBase"]
[SourceDate "2019.07.15"]
[SourceVersion "1"]
[SourceVersionDate "2019.07.15"]
[SourceQuality "1"]

1. Nf3 d5 2. d4 Nf6 3. c4 e6 4. Nc3 Be7 5. h3 0-0 6. cxd5 exd5 7. Bf4 c6 8. e3 Bf5 9. g4 Bg6 10. Ne5 Qb6 11. Nxg6 fxg6 12. Qb3 Nbd7 13. Bd3 Qxb3 14. axb3 Ne8 15. 0-0 Bd6 16. Bxd6 Nxd6 17. f3 a6 18. e4 dxe4 19. fxe4 c5 20. e5 cxd4 21. exd6 dxc3 22. bxc3 Rf6 23. Bc4+ Kh8 24. Rxf6 gxf6 25. Bd5 Rd8 26. c4 Kg7 27. Re1 b6 28. b4 Kh6 29. Re7 Kg5 30. c5 bxc5 31. Be6 Ne5 32. bxc5 Kf4 33. Bd5 h5 34. Re6 Rc8 35. c6 Kg3 36. c7 hxg4 37. Rxe5 1-0

[Event "Hersonissos op 3rd"]
[Site "Hersonissos"]
[Date "2019.05.22"]
[Round "8"]
[White "Anagnostopoulos, Konstantinos"]
[Black "Stany, George Anthony"]
[Result "0-1"]
[WhiteElo "2350"]
[BlackElo "2527"]
[PlyCount "86"]
[EventDate "2019.05.15"]
[EventType "swiss"]
[EventRounds "9"]
[EventCountry "GRE"]
[SourceTitle "CBM 190 Extra"]
[Source "ChessBase"]
[SourceDate "2019.07.15"]
[SourceVersion "1"]
[SourceVersionDate "2019.07.15"]
[SourceQuality "1"]

1. c4 e5 2. Nc3 Nf6 3. Nf3 Nc6 4. e3 d5 5. cxd5 Nxd5 6. Bb5 Nxc3 7. bxc3 Bd6 8. e4 0-0 9. 0-0 Bd7 10. d4 Re8 11. d5 Na5 12. c4 c6 13. dxc6 Bxc6 14. Bxc6 Nxc6 15. Be3 Qc7 16. c5 Bf8 17. Qa4 Qa5 18. Qxa5 Nxa5 19. Rac1 f6 20. Rfd1 Red8 21. Rd5 Kf7 22. Bd2 Nc6 23. Rb1 Rab8 24. Rxd8 Nxd8 25. Be3 Rc8 26. c6 b6 27. Rd1 Nxc6 28. Rd7+ Ke6 29. Rb7 Rb8 30. Rxb8 Nxb8 31. Kf1 Kd6 32. Ke2 Kc6 33. Kd3 Kb5 34. g4 Nc6 35. Kc3 Bb4+ 36. Kb3 Na5+ 37. Kc2 Kc4 38. Bd2 Nc6 39. g5 Bc5 40. gxf6 gxf6 41. Be3 Nb4+ 42. Kb2 Bxe3 43. fxe3 Kd3 0-1

[Event "Hersonissos op 3rd"]
[Site "Hersonissos"]
[Date "2019.05.17"]
[Round "3"]
[White "Anagnostopoulos, Konstantinos"]
[Black "Lirindzakis, Timotheos"]
[Result "1/2-1/2"]
[WhiteElo "2350"]
[BlackElo "2158"]
[PlyCount "64"]
[EventDate "2019.05.15"]
[EventType "swiss"]
[EventRounds "9"]
[EventCountry "GRE"]
[SourceTitle "CBM 190 Extra"]
[Source "ChessBase"]
[SourceDate "2019.07.15"]
[SourceVersion "1"]
[SourceVersionDate "2019.07.15"]
[SourceQuality "1"]

1. c4 Nf6 2. Nc3 e6 3. e4 d5 4. cxd5 exd5 5. e5 Ne4 6. Nf3 Bf5 7. d3 Nxc3 8. bxc3 c5 9. d4 Qa5 10. Bd2 Nc6 11. Be2 Be7 12. 0-0 0-0 13. Ne1 Rac8 14. Bd3 Bxd3 15. Nxd3 cxd4 16. cxd4 Qa6 17. Be3 Nb4 18. Nf4 Rfd8 19. Qg4 Rc4 20. Rac1 b5 21. h4 Qc8 22. Qxc8 Rdxc8 23. Rb1 a6 24. a3 Nc2 25. Nxd5 Bd8 26. Nb4 Nxa3 27. Nxa6 Nxb1 28. Rxb1 Bb6 29. Nc5 Bxc5 30. dxc5 b4 31. g3 h5 32. Kf1 g6 1/2-1/2

[Event "Hersonissos op 3rd"]
[Site "Hersonissos"]
[Date "2019.05.15"]
[Round "1"]
[White "Anagnostopoulos, Konstantinos"]
[Black "Lithoxoos, Theodoros"]
[Result "1-0"]
[WhiteElo "2350"]
[BlackElo "1689"]
[PlyCount "53"]
[EventDate "2019.05.15"]
[EventType "swiss"]
[EventRounds "9"]
[EventCountry "GRE"]
[SourceTitle "CBM 190 Extra"]
[Source "ChessBase"]
[SourceDate "2019.07.15"]
[SourceVersion "1"]
[SourceVersionDate "2019.07.15"]
[SourceQuality "1"]

1. b3 Nf6 2. Bb2 g6 3. e4 Bg7 4. e5 Nd5 5. c4 Nb6 6. Qf3 e6 7. h4 Nc6 8. Qe3 d6 9. d4 dxe5 10. dxe5 Nb4 11. Na3 Qe7 12. Nf3 Bd7 13. Be2 c5 14. Rd1 Bc6 15. 0-0 0-0 16. h5 Rad8 17. Nh2 Rfe8 18. Ng4 Kh8 19. Nf6 Bxf6 20. exf6 Qf8 21. hxg6 hxg6 22. Qh3+ Kg8 23. Bc1 Rd4 24. Rxd4 cxd4 25. Bh6 Bxg2 26. Kxg2 Qc5 27. Bg7 1-0

[Event "Heraklion Capablanca Memorial 6th"]
[Site "Heraklion"]
[Date "2019.05.07"]
[Round "9"]
[White "Anagnostopoulos, Konstantinos"]
[Black "Demuth, Adrien"]
[Result "1/2-1/2"]
[WhiteElo "2345"]
[BlackElo "2512"]
[PlyCount "101"]
[EventDate "2019.04.29"]
[EventType "tourn"]
[EventRounds "9"]
[EventCountry "GRE"]
[EventCategory "7"]
[SourceTitle "CBM 190 Extra"]
[Source "ChessBase"]
[SourceDate "2019.07.15"]
[SourceVersion "1"]
[SourceVersionDate "2019.07.15"]
[SourceQuality "1"]

1. c4 f5 2. Nf3 Nf6 3. d4 g6 4. g3 Bg7 5. Bg2 0-0 6. 0-0 d6 7. Nc3 c6 8. b3 Na6 9. Bb2 Qc7 10. d5 e5 11. dxe6 Bxe6 12. Qc2 Nc5 13. Rad1 Rad8 14. e3 a5 15. Ne2 Nce4 16. Nd2 Nc5 17. h4 Rfe8 18. a3 Bf7 19. b4 axb4 20. axb4 Ncd7 21. Nf3 Nb6 22. c5 Nc4 23. cxd6 Rxd6 24. Bd4 b5 25. Ra1 Qb8 26. Ba7 Qc8 27. Bc5 Rd7 28. Rfd1 Nd5 29. Ned4 Nxb4 30. Bxb4 c5 31. Ng5 cxd4 32. Nxf7 Kxf7 33. exd4 Bxd4 34. Rxd4 Rxd4 35. Ra7+ Kg8 36. Bc3 Rd7 37. Qa2 Qd8 38. Bc6 Rxa7 39. Qxa7 Re7 40. Qc5 Qd1+ 41. Kh2 Qd6 42. Qxb5 Ne5 43. Bd5+ Nf7 44. Qc4 Qc7 45. Qd4 Kf8 46. Bb4 Qe5 47. Qc5 Nd8 48. Qa7 Ke8 49. Bxe7 Qxe7 50. Qd4 Nf7 51. Bxf7+ 1/2-1/2